Welcome to CU Library Online Public Access Catalogue (OPAC)

Operations management / (Record no. 9679)

MARC details
000 -LEADER
fixed length control field 00680cam a2200217 a 4500
001 - CONTROL NUMBER
control field 15858600
005 - DATE AND TIME OF LATEST TRANSACTION
control field 20260424164055.0
008 - FIXED-LENGTH DATA ELEMENTS--GENERAL INFORMATION
fixed length control field 090807s2010 enka b 001 0 eng
020 ## - INTERNATIONAL STANDARD BOOK NUMBER
International Standard Book Number 9780273730460
Qualifying information pbk.
050 00 - LIBRARY OF CONGRESS CALL NUMBER
Classification number TS155
Item number .S562 2010
082 00 - DEWEY DECIMAL CLASSIFICATION NUMBER
Classification number 658.5
Edition information 22
100 1# - MAIN ENTRY--PERSONAL NAME
Personal name Slack, Nigel.
245 10 - TITLE STATEMENT
Title Operations management /
Statement of responsibility, etc. Nigel Slack, Stuart Chambers, Robert Johnston.
250 ## - EDITION STATEMENT
Edition statement 6th ed.
260 ## - PUBLICATION, DISTRIBUTION, ETC.
Place of publication, distribution, etc. Harlow, England ;
-- New York :
Name of publisher, distributor, etc. Financial Times Prentice Hall,
Date of publication, distribution, etc. 2010.
300 ## - PHYSICAL DESCRIPTION
Extent xxv, 686 p. :
Other physical details col. ill. ;
Dimensions 27 cm.
650 #0 - SUBJECT ADDED ENTRY--TOPICAL TERM
Topical term or geographic name entry element Production management.
700 1# - ADDED ENTRY--PERSONAL NAME
Personal name Chambers, Stuart.
700 1# - ADDED ENTRY--PERSONAL NAME
Personal name Johnston, Robert,
Dates associated with a name 1953-
942 ## - ADDED ENTRY ELEMENTS (KOHA)
Source of classification or shelving scheme Library of Congress Classification
Koha item type Books
Edition 6th ed.
Suppress in OPAC No
999 ## -
-- 9679
-- 9679
Holdings
Withdrawn status Lost status Source of classification or shelving scheme Damaged status Not for loan Collection Home library Current library Shelving location Date acquired Total checkouts Full call number Barcode Date last seen Copy number Price effective from Koha item type
    Library of Congress Classification     Non-fiction Business Library (Miotso) Business Library (Miotso) General stacks 04/24/2026   TS155 .S562 2010 BSSM00003998 04/24/2026 1 04/24/2026 Books
© 2023-2024 Copyright: Central University Libraries. All Rights Reserved | Created by: Mahone Tech Office